| 000 | 00802nam0a22002651 4500 | ||
|---|---|---|---|
| 001 | RU\INFOCOMM_318\NLR\5000085383 | ||
| 005 | 20250613104033.0 | ||
| 010 |
_95000 экз. _bв пер. _d7 р. |
||
| 035 | _a(NLR Aleph) 009485105 | ||
| 090 |
_a8612524 _c8612524 |
||
| 100 | _a20121205d1951 |||y0rusy50 ca | ||
| 101 | 0 | _afre | |
| 102 | _aRU | ||
| 105 | _ay z ||||| | ||
| 200 | 1 | _aLa structure sociale et politique de l'USSR | |
| 210 |
_aM. _cEd. en langues étrangères _d1951 |
||
| 215 |
_a257 с., 16 л. ил. _cил. _d17 см |
||
| 620 | _aМосква | ||
| 686 |
_aП21-Общ.уст.СССР _2rubbk |
||
| 700 | 1 |
_aKarpinskij _bV. A. _f1880-1965 _gVjačeslav Alekseevič |
|
| 801 | 1 |
_aRU _bNLR _c20121205 |
|
| 801 | 0 |
_aRU _bINFOCOMM _gPSBO |
|
| 852 |
_aNLR _jП21 Г-1/19 |
||
| 942 | _cBOOK | ||
| 980 | _aNB | ||